Longest Celebrity Relationships - Statistics

General Stats
  • This quiz has been taken 137 times
    14 since last reset
  • The average score is 11 of 27
Answer Stats
Since Partner #1 Partner # 2 % Correct
2002 Beyoncé Jay-Z
92%
1983 Kurt Russell Goldie Hawn
75%
1999 Catherine Zeta-Jones Michael Douglas
75%
1988 Rita Wilson Tom Hanks
75%
1997 Will Smith Jada Pinkett
67%
1988 Kyra Sedgwick Kevin Bacon
58%
2004 Ellen Degeneres Portia Derossi
58%
2000 Freddie Prinze Jr Sarah Michelle Gellar
58%
1997 Victoria Adams David Beckham
50%
2007 Justin Timberlake Jessica Biel
50%
1997 Sarah Jessica Parker Matthew Broderick
50%
2008 Emily Blunt John Krasinski
42%
2007 Javier Bardem Penélope Cruz
42%
1991 Kate Capshaw Steven Spielberg
42%
1996 Faith Hill Tim Mcgraw
42%
1997 William H. Macy Felicity Huffman
33%
2004 David Burtka Neil Patrick Harris
33%
1995 Kelly Ripa Mark Consuelos
25%
1992 Warren Beatty Annette Benning
17%
2010 Rachel Weisz Daniel Craig
17%
2001 Anna Kournikova Enrique Iglesias
17%
2001 Paul Bettany Jennifer Connelly
17%
1984 Jamie Lee Curtis Christopher Guest
8%
1995 Ted Danson Mary Steenburgen
8%
2001 Maya Rudolph Paul Thomas Anderson
8%
2002 Maggie Gyllenhaal Peter Sarsgaard
8%
1997 Angela Basset Courtney B. Vance
0%
No matching quizzes found
Score Distribution
Percent of People with Each Score
Percentile by Number Answered
Your Score History
You have not taken this quiz since the last reset